Wortubuku Sranantongo para brasileiros (Record no. 189467)

MARC details
000 -LÍDER
campo de controle de tamanho fixo 00504 a2200169 4500
001 - NÚMERO DE CONTROLE
campo de controle 189467
020 ## - ISBN - INTERNATIONAL STANDARD BOOK NUMBER
ISBN - International Standard Book Number 978-85-7631-288-8
040 ## - FONTE DA CATALOGAÇÃO
Instituição que transcreveu o registro Magnum
100 ## - ENTRADA PRINCIPAL--NOME PESSOAL
Nome pessoal Oliveira, Rafael da Silva
240 10 - TÍTULO UNIFORME
Título uniforme Wortubuku Sranantongo para brasileiros
Idioma da obra SUR
245 10 - TÍTULO
Título Wortubuku Sranantongo para brasileiros
300 ## - DESCRIÇÃO FÍSICA
Extensão 184
362 0# - DATAS DE PUBLICAÇÃO E/OU DESIGNAÇÃO SEQUENCIAL
Datas de publicação e/ou designação sequencial 2011
440 #1 - DECLARAÇÃO DE SÉRIE/ENTRADA ADICIONADA--TÍTULO
Título Fundação Alexandre de Gusmão
697 ## - ENTRADA DE ASSUNTO LOCAL--ENTIDADE COLETIVA (RLIN)
Nome corporativo ou nome da jurisdição RELALÇÕES INTERNACIONAIS, POLÍTICA MUNDIAL. POLÍTICA INTERNACIONAL. POLÍTICA EXTERNA
942 ## - ELEMENTOS DE ENTRADA ADICIONADOS (KOHA)
Tipo de material Koha Livros
Holdings
Situação do descarte Situação das perdas Situação física Não pode ser emprestado Biblioteca de origem Biblioteca atual Data de aquisição Total de empréstimos Número de chamada completo Código de barras Data de último acesso Data do preço efetivo Tipo de material Koha
        Magnum Magnum 08/06/2024   327.50.1 MAG00064472 08/06/2024 08/06/2024 Livros